000
00217 a2200097 4500
001
4995
100
_a
Becker,RA
245
_a
Introduction to theoretical mechanics
260
_a
_b
McGraw Hill
_c
090
_c
4171
_d
4171
942
_a
NUST-CAE
_c
M
_c
30458
999
_c
240068
_d
240068